| 000 | 01176nam0a22002771 4500 | ||
|---|---|---|---|
| 001 | rc\2997076 | ||
| 005 | 20110918122837.7 | ||
| 035 | _a(NLR Aleph) 007140720 | ||
| 090 |
_a7052762 _c7052762 |
||
| 100 | _a20110918d1935 |||y0rusy50 ca | ||
| 101 | 1 |
_arus _ceng |
|
| 102 | _aRU | ||
| 105 | _aca z ||||| | ||
| 200 | 1 |
_aОхотники за микробами _eДля ст. возраста _fПоль де Крюи _gПер. с англ. О.П. Червонского _gПредисл. проф. Н.К. Кольцова |
|
| 210 |
_a[Москва] _cДетгиз _d1935 _g"Образцовая" тип. |
||
| 215 |
_aПереплет, 395, [3] с., 4 вкл. л. портр. _cил., портр. _d20×14 см |
||
| 300 | _aСуп.-обл., переплет и форзац: А.П. Радищев | ||
| 700 | 1 |
_aКрайф _bП. _f1890- _gПоль |
|
| 702 | 1 |
_aЧервонский _bО. П. _4730 |
|
| 702 | 1 |
_aКольцов _bН. К. _f1872-1940 _gНиколай Константинович _3RU\NLR\AUTH\770267010 _4080 |
|
| 702 | 1 |
_aРадищев _bА. П. _4570 |
|
| 801 | 0 |
_aRU _bNLR _gpsbo |
|
| 801 | 1 |
_aRU _bELAR _2rusmarc |
|
| 852 |
_aNLR _j35-3/355 |
||
| 942 | _cBOOK | ||
| 980 | _aNB | ||